000 00713nam a2200193Ia 4500
008 0000001983 fr a 0000000000fre00
090 _aPRU00 Z11z
100 1 _aZaborov, Boris
_d1937
245 1 0 _aZaborov
_b: peintures
300 _a1 plegable [10] p.
_c/ 12 cm.
500 _aExposición realizada en Galerie Claude Bernard, Paris, Marzo 29 Abril 30, 1983 \ Con el patronazgo del maestro venezolano Jesús Rafael Soto (q.e.p.d.)
600 0 0 _aZABOROV, BORIS, 1937/
_xTRABAJOS PICTORICOS
650 1 4 _aARTE CONTEMPORANEO RUSO
650 1 4 _xCATALOGOS
650 1 4 _xEXPOSICIONES
650 1 4 _aPINTORES RUSOS
650 1 4 _aPINTURA RUSA
999 _c4450
_d4450
260 _aParís : Galerie Claude Bernard
_c1983